000 00395nam a22001337a 4500
003 SGT
020 _a9789350488706
082 _a954
_bK16P
100 _aपोखरियाल , रमेश
245 _aकेदारनाथ आपदा की सच्ची कहानियाँ
260 _bप्रभात प्रकाशन
_c2016
300 _a144
942 _2ddc
_cBK
999 _c28673
_d28673